The Chronicler's history of Israel; (Record no. 44391)
[ view plain ]
| 000 -LEADER | |
|---|---|
| fixed length control field | 00877cam a2200253 4500 |
| 001 - CONTROL NUMBER | |
| control field | 2188490 |
| 005 - DATE AND TIME OF LATEST TRANSACTION | |
| control field | 20181108094320.0 |
| 008 - FIXED-LENGTH DATA ELEMENTS--GENERAL INFORMATION | |
| fixed length control field | 721110t19731954nyu 000 0 eng |
| 010 ## - LIBRARY OF CONGRESS CONTROL NUMBER | |
| LC control number | 72085281 |
| 020 ## - INTERNATIONAL STANDARD BOOK NUMBER | |
| International Standard Book Number | 0804617090 |
| 040 ## - CATALOGING SOURCE | |
| Original cataloging agency | DLC |
| Transcribing agency | DLC |
| Modifying agency | DLC |
| 041 0# - LANGUAGE CODE | |
| Language code of text/sound track or separate title | engheb |
| 130 0# - MAIN ENTRY--UNIFORM TITLE | |
| Uniform title | Bible. |
| Name of part/section of a work | Historical books. |
| Language of a work | Hebrew. |
| Date of a work | 1973. |
| 245 14 - TITLE STATEMENT | |
| Title | The Chronicler's history of Israel; |
| Remainder of title | Chronicles-Ezra-Nehemiah restored to its original form / |
| Statement of responsibility, etc | by Charles C. Torrey. |
| 260 ## - PUBLICATION, DISTRIBUTION, ETC. (IMPRINT) | |
| Place of publication, distribution, etc | New Haven: |
| Name of publisher, distributor, etc | Yale University Press, |
| Date of publication, distribution, etc | c1954. |
| 300 ## - PHYSICAL DESCRIPTION | |
| Extent | xxxiv, 207 p. |
| Dimensions | 22 cm. |
| 336 ## - CONTENT TYPE | |
| Content Type Term | text |
| 337 ## - MEDIA TYPE | |
| Media Type Term | unmediated |
| 338 ## - CARRIER TYPE | |
| Carrier Type Term | volume |
| 500 ## - GENERAL NOTE | |
| General note | Based on Seligman Baer's edition of the Hebrew text and the Authorized English version. |
| 700 1# - ADDED ENTRY--PERSONAL NAME | |
| Personal name | Torrey, Charles Cutler, |
| Dates associated with a name | 1863-1956. |
| 730 0# - ADDED ENTRY--UNIFORM TITLE | |
| Uniform title | Bible. |
| Name of part/section of a work | Historical books. |
| Language of a work | English. |
| Version | Authorized. |
| Date of a work | 1973. |
| 942 ## - ADDED ENTRY ELEMENTS (KOHA) | |
| Source of classification or shelving scheme | Library of Congress Classification |
| Item type | Books |
| Withdrawn status | Lost status | Source of classification or shelving scheme | Damaged status | Not for loan | Home library | Current library | Shelving location | Date acquired | Source of acquisition | Inventory number | Total Checkouts | Full call number | Barcode | Date last seen | Price effective from | Koha item type |
|---|---|---|---|---|---|---|---|---|---|---|---|---|---|---|---|---|
| Library of Congress Classification | BSOP Library | BSOP Library | GC | 10/19/2018 | Donated by Dr. David and Oprah Weisberg | 43970 | BS1202 T63 1954 | 00054970 | 10/19/2018 | 10/19/2018 | Books |
